| 000 | 01025nam a22001697a 4500 | ||
|---|---|---|---|
| 008 | 110119t xxu||||| |||| 00| 0 eng d | ||
| 082 |
_a690.8 _bAFF |
||
| 111 |
_922077 _aInternational Engineering & Construction Conference _cCairo, Egypt _d2010 |
||
| 245 |
_aAdvances in Affordable Housing & Green ConstructionAbstract Book of the American Society of Civil Engineers(ASCE) 6th International Engineering & Construction Conference : _bAdvances in Affordable Housing & Green Construction / _cEdited by A. S. Mosallam...[et al.] |
||
| 260 |
_aCairo : _bHousing & Building National Research Center, 2010 _c2010 |
||
| 300 |
_a119 p.; _c35 cm. |
||
| 541 | _aDr. Moustafa Mahmoud Soliman ; | ||
| 650 |
_922078 _aHouse construction |
||
| 942 |
_2ddc _cBB |
||
| 999 |
_c14924 _d14924 |
||